Niektoré stavby a zariadenia pre kombinovanú dopravu

Bibliographic Details
Main Author: Dostál, Karol, 1941- (Author)
Format: Article
Language:Slovak
Subjects:

MARC

LEADER 00000nab a2200000 a 4500
001 vtls000645377
003 SK-MaSNL
005 20260303213235.0
008 160401c1993 xo 0 slo
015 |a SNBRA19rr/mm-uuuuu 
035 |a CL0645516 
040 |a SNKBUCL  |b slo  |c SNKBUCL  |e AACR2 
041 0 |a slo 
044 |a xo  |c SK 
080 |a 656.022.8  |2 1981 
100 1 |a Dostál, Karol,  |d 1941-  |4 aut  |9 39476 
245 1 0 |a Niektoré stavby a zariadenia pre kombinovanú dopravu  |c Karol Dostál 
300 |b Sch. 5, tab. 2, res. angl., nem., lit. 2 zázn. v nem., slov. 
650 0 7 |a doprava kombinovaná  |2 snkbucl  |9 898968 
655 7 |a články zo zborníkov  |2 snkbucl  |9 166140 
773 0 |z 807100149X  |t Deviata medzinárodná vedecká konferencia  |d Žilina : Vysoká škola dopravy a spojov, 1993  |g S. 179-184 
850 |a Slovenská národná knižnica v Martine  |a MTA001 
852 |a SNK  |b KIS3GCP 
958 |a SK 
958 |a NX 
958 |a RK 
958 |a RZB 
999 |c 2211221  |d 2213151